Red Flag Over Afghanistan: (Record no. 588730)

000 -LEADER
fixed length control field 00513nam a22001817a 4500
003 - CONTROL NUMBER IDENTIFIER
control field NUST
005 - DATE AND TIME OF LATEST TRANSACTION
control field 20220311105231.0
008 - FIXED-LENGTH DATA ELEMENTS--GENERAL INFORMATION
fixed length control field 220311b ||||| |||| 00| 0 eng d
020 ## - INTERNATIONAL STANDARD BOOK NUMBER
International Standard Book Number 0-86531-445-4
038 ## - RECORD CONTENT LICENSOR
Staff Name Muzammil SMME
082 ## - DEWEY DECIMAL CLASSIFICATION NUMBER
Classification number 958.1044
Author Mark HAM
100 ## - MAIN ENTRY--PERSONAL NAME
Personal name Hammond,T.Thomas.
9 (RLIN) 90567
245 ## - TITLE STATEMENT
Title Red Flag Over Afghanistan:
Remainder of title the communication coup,the soviet invasion\
Statement of responsibility, etc. Thomas T. Hammond.
260 ## - PUBLICATION, DISTRIBUTION, ETC.
Place of publication, distribution, etc. USA,
Name of publisher, distributor, etc. Westview Press,
Date of publication, distribution, etc. 1984
300 ## - PHYSICAL DESCRIPTION
Extent 262,p.;
563 ## - BINDING INFORMATION
Binding note hardcover
942 ## - ADDED ENTRY ELEMENTS (KOHA)
Source of classification or shelving scheme
Koha item type Book
Holdings
Withdrawn status Lost status Source of classification or shelving scheme Damaged status Not for loan Permanent Location Current Location Shelving location Date acquired Total Checkouts Full call number Barcode Date last seen Price effective from Koha item type
          School of Mechanical & Manufacturing Engineering (SMME) School of Mechanical & Manufacturing Engineering (SMME) General Stacks 03/11/2022   958.1044 HAM SMME-3696 03/11/2022 03/11/2022 Book
© 2023 Central Library, National University of Sciences and Technology. All Rights Reserved.